| 000 | 00355nam a22001577a 4500 | ||
|---|---|---|---|
| 008 | 240924b ||||| |||| 00| 0 eng d | ||
| 020 | _a9789350008096 | ||
| 041 | _ahin | ||
| 082 |
_a491.435 _bMOM |
||
| 100 | _aMohan, Braj | ||
| 245 | _aMaanak Hindi | ||
| 260 |
_aNew Delhi _bVani Prakashan _c2014 |
||
| 300 | _a168p. | ||
| 650 | _aHINDI | ||
| 942 | _cBK | ||
| 999 |
_c48929 _d48929 |
||